000 00896nac a22003250a 4500
001 PT47142
003 AR-LpoUNG
005 20210201005446.0
008 201001s2012||||ag |||||||||||||||||spa d
020 _a9789505471546
_c$13
040 _aAR-LpoUNG
_bspa
_eaacr
041 _aspa
044 _aag
082 0 _a808.068 3 651tor
100 1 _aTolkien, John Ronald Reuen
245 1 4 _aLas dos torres
250 _a1ra. ed.
260 _aBuenos Aires :
_bMinotauro,
_c2012.
300 _a476 p. :
_bil.
_a(3
_fVolúmenes)
_3Impreso
490 0 _aEl señor de los anillos
505 0 _aSugerido a partir de 14 años (etiqueta VERDE)
650 4 _aLITERATURA
650 4 _aNOVELAS
651 4 _aDOCUMENTOS TEORICOS O METODOLOGICOS
653 _aLITERATURA INFANTOJUVENIL
700 1 _aDomènech, Luis
_etr.
700 1 _aHorne, Matilde
_etr.
905 _a47142
942 _cLIB
999 _c49668
_d49668